Countries with the Lowest Average Elevation - Statistics

General Stats
  • This quiz has been taken 280 times
    6 since last reset
  • The average score is 10 of 15
Answer Stats
Average Elevation Country % Correct
34m (112ft) Denmark
100%
2m (7ft) Kiribati
100%
1.5m (5ft) Maldives
100%
2m (7ft) Marshall Islands
100%
30m (98ft) Netherlands
100%
1.8m (6ft) Tuvalu
100%
61m (200ft) Estonia
80%
87m (285ft) Latvia
80%
28m (92ft) Qatar
80%
85m (279ft) Bangladesh
60%
15m (49ft) Singapore
60%
83m (272ft) Trinidad and Tobago
60%
34m (112ft) Gambia
0%
70m (230ft) Guinea-Bissau
0%
69m (226ft) Senegal
0%
No matching quizzes found
Score Distribution
Percent of People with Each Score
Percentile by Number Answered
Your Score History
You have not taken this quiz since the last reset